| 000 | 00456nam a2200193Ia 4500 | ||
|---|---|---|---|
| 005 | 20240823053316.0 | ||
| 008 | 240823s9999||||xx |||||||||||||| ||und|| | ||
| 020 | _a978-0-19-806412-1 | ||
| 041 | _aENGLISH | ||
| 082 | _A934 Q5 | ||
| 100 | _aDilip K charabarti | ||
| 245 | 0 | _aIndia An Archaeological History | |
| 250 | _a2nd | ||
| 260 |
_c2015 _bOxford University |
||
| 500 | _aYES | ||
| 650 |
_aHistory _bGeneral |
||
| 942 | _cBK | ||
| 999 |
_c223875 _d223875 |
||